ARRUPE JESUIT UNIVERSITY

CORONAVIRUS -STOP THE SPREAD - CLEAN,DISINFECT,COVER

The Eastern question 1774-1923 (Record no. 124290)

MARC details
000 -LEADER
fixed length control field 00446nam a22001577a 4500
008 - FIXED-LENGTH DATA ELEMENTS--GENERAL INFORMATION
fixed length control field 160302b xxu||||| |||| 00| 0 eng d
020 ## - INTERNATIONAL STANDARD BOOK NUMBER
International Standard Book Number 0-582-29195-X
050 ## - LIBRARY OF CONGRESS CALL NUMBER
Classification number D371.M23 1996
100 ## - MAIN ENTRY--PERSONAL NAME
Personal name Macfie, A.L.
9 (RLIN) 22691
245 ## - TITLE STATEMENT
Title The Eastern question 1774-1923
Statement of responsibility, etc A.L. Macfie
250 ## - EDITION STATEMENT
Edition statement Rev. ed.
260 ## - PUBLICATION, DISTRIBUTION, ETC. (IMPRINT)
Place of publication, distribution, etc London
Name of publisher, distributor, etc Pearson Education
Date of publication, distribution, etc 1996
300 ## - PHYSICAL DESCRIPTION
Extent vii, 141p. ;
Dimensions 22cm.
650 ## - SUBJECT ADDED ENTRY--TOPICAL TERM
Topical term or geographic name as entry element Eastern question
9 (RLIN) 22692
942 ## - ADDED ENTRY ELEMENTS (KOHA)
Source of classification or shelving scheme Library of Congress Classification
Item type Monograph ( Printed materials)
Holdings
Withdrawn status Lost status Source of classification or shelving scheme Damaged status Not for loan Collection code Home library Current library Shelving location Date acquired Total Checkouts Full call number Barcode Date last seen Price effective from Koha item type
    Library of Congress Classification     Main Collection ARRUPE LIBRARY ARRUPE LIBRARY Main Collection 02/03/2016   D371.M23 1996 46500006258 13/10/2017 02/03/2016 Monograph ( Printed materials)

 

Arrupe Library. PO Box MP320 Mt Pleasant, Harare, Zimbabwe
263 242 745411|librarian@aju.ac.zw